Welcome to CU Library Online Public Access Catalogue (OPAC)

Business ethics and values : (Record no. 5641)

MARC details
000 -LEADER
fixed length control field 00893cam a22002534a 4500
001 - CONTROL NUMBER
control field 14094906
005 - DATE AND TIME OF LATEST TRANSACTION
control field 20250505141522.0
008 - FIXED-LENGTH DATA ELEMENTS--GENERAL INFORMATION
fixed length control field 050901s2006 enka b 001 0 eng
020 ## - INTERNATIONAL STANDARD BOOK NUMBER
International Standard Book Number 0273694782 (pbk.)
020 ## - INTERNATIONAL STANDARD BOOK NUMBER
Canceled/invalid ISBN 0273674782 (pbk.)
020 ## - INTERNATIONAL STANDARD BOOK NUMBER
International Standard Book Number 9780273694786
050 00 - LIBRARY OF CONGRESS CALL NUMBER
Classification number HF5387
Item number .F565 2006
082 00 - DEWEY DECIMAL CLASSIFICATION NUMBER
Classification number 174/.4
Edition information 22
100 1# - MAIN ENTRY--PERSONAL NAME
Personal name Fisher, C. M.
Fuller form of name (Colin M.)
245 10 - TITLE STATEMENT
Title Business ethics and values :
Remainder of title individual, corporate and international perspectives /
Statement of responsibility, etc. Colin Fisher and Alan Lovell.
250 ## - EDITION STATEMENT
Edition statement 2nd ed.
260 ## - PUBLICATION, DISTRIBUTION, ETC.
Place of publication, distribution, etc. Harlow, England ;
-- New York :
Name of publisher, distributor, etc. FT Prentice Hall,
Date of publication, distribution, etc. 2006.
300 ## - PHYSICAL DESCRIPTION
Extent xxiv, 580 p. :
Other physical details ill. ;
Dimensions 25 cm.
650 #0 - SUBJECT ADDED ENTRY--TOPICAL TERM
Topical term or geographic name entry element Business ethics.
650 #0 - SUBJECT ADDED ENTRY--TOPICAL TERM
Topical term or geographic name entry element Business enterprises
General subdivision Moral and ethical aspects.
700 1# - ADDED ENTRY--PERSONAL NAME
Personal name Lovell, Alan
Titles and other words associated with a name (Professor)
856 41 - ELECTRONIC LOCATION AND ACCESS
Materials specified Table of contents only
Uniform Resource Identifier <a href="http://www.loc.gov/catdir/toc/fy0611/2005045399.html">http://www.loc.gov/catdir/toc/fy0611/2005045399.html</a>
942 ## - ADDED ENTRY ELEMENTS (KOHA)
Source of classification or shelving scheme Library of Congress Classification
Koha item type Books
Suppress in OPAC No
999 ## -
-- 5641
-- 5641
Holdings
Withdrawn status Lost status Source of classification or shelving scheme Damaged status Not for loan Collection Home library Current library Shelving location Date acquired Total checkouts Full call number Barcode Date last seen Copy number Price effective from Koha item type
    Library of Congress Classification       Graduate Library (Christ Temple) Graduate Library (Christ Temple) General stacks 12/10/2025   HF 5387.F562 FIS gsct00001921 12/10/2025 1 12/10/2025 Books
    Library of Congress Classification       Graduate Library (Christ Temple) Graduate Library (Christ Temple) General stacks 12/10/2025   HF 5387.F562 FIS gsct00001922 12/10/2025 2 12/10/2025 Books
    Library of Congress Classification     Non-fiction Undergraduate Library (Christ Temple) Undergraduate Library (Christ Temple) General stacks 05/05/2025   HF 5387.F562 FIS ulct00002212 05/05/2025 1 05/05/2025 Books
© 2023-2024 Copyright: Central University Libraries. All Rights Reserved | Created by: Mahone Tech Office